000 00439nam a22001697a 4500
005 20160429115852.0
008 160429b xxu||||| |||| 00| 0 eng d
020 _a81-2030402-0
041 _aeng
082 _b00814
100 _aGroover. Mikell P.
_9177
245 _aCAD/CAM: Computer Aided Design and Manufacturing
260 _aNew Delhi
_bPHI Pvt Ltd.
_c2004
300 _a489
650 _aInformation Technology
_9137
942 _cBK
999 _c266
_d266